| 000 | 00963cam a22002891 4500 | ||
|---|---|---|---|
| 001 | 8906 | ||
| 003 | BD-RjUL | ||
| 005 | 20211208234657.0 | ||
| 008 | 140119r19551953enk b 001 0 eng | ||
| 035 | _a(BD-RjUL)8951 | ||
| 035 | _a(OCoLC)2476082 | ||
| 040 |
_aDLC _cInMuB _dOCoLC _dUk _dDLC _dBD-RjUL _beng |
||
| 041 | _aeng | ||
| 082 |
_a530.151 _bCOI 1955 |
||
| 100 | 1 |
_aCorson, E. M. _q(Edward Michael), _d1921- _925522 |
|
| 245 | 1 | 0 |
_aIntroduction to tensors, spinors, and relativistic wave-equations (relation structure) / _cE. M. Corson. |
| 260 |
_aLondon : _bBlackie, _c1953 [Reprint 1955]. |
||
| 300 |
_axii, 221 p. ; _c27 cm. |
||
| 504 | _aBibliography: p. 207-218. | ||
| 504 | _aIncludes Index. | ||
| 650 | 0 |
_aQuantum theory. _927682 |
|
| 650 | 0 |
_aCalculus of tensors. _920196 |
|
| 650 | 0 |
_aSpinor analysis. _927683 |
|
| 740 | 0 | _aTensors, spinors, and relativistic wave-equations (relation structure) | |
| 942 |
_2ddc _cBK |
||
| 999 |
_c8906 _d8906 |
||